Top 100 des plus grandes villes du Royaume-Uni - Statistiques

Statistiques générales
  • Ce quiz a été pris 116 fois
  • Le résultat moyen est 30 sur 100
Statistiques - réponses
Population Villes % Correct
8 908 081 Londres
100%
496 784 Liverpool
97%
553 230 Manchester
97%
1 148 862 Birmingham
94%
809 036 Leeds
87%
482 005 Édimbourg
86%
626 410 Glasgow
86%
361 469 Cardiff
82%
254 361 Southampton
78%
280 211 Belfast
76%
331 297 Nottingham
74%
357 394 Leicester
73%
160 021 Oxford
73%
467 099 Bristol
69%
584 028 Sheffield
68%
134 293 Brighton
64%
207 932 Aberdeen
63%
146 995 Cambridge
63%
245 500 Swansea
60%
264 135 Plymouth
59%
216 023 Portsmouth
56%
262 242 Wolverhampton
55%
195 971 Norwich
53%
268 064 Newcastle upon Tyne
51%
215 173 Northampton
51%
210 235 York
46%
187 503 Bournemouth
45%
139 305 Blackpool
44%
369 461 Coventry
44%
147 522 Ipswich
44%
148 270 Dundee
41%
258 746 Derby
40%
218 045 Luton
40%
218 705 Reading
38%
285 372 Bolton
37%
536 986 Bradford
37%
129 307 Exeter
36%
94 782 Bath
35%
256 127 Stoke-on-Trent
35%
90 301 Watford
32%
141 801 Preston
31%
145 563 Gloucester
27%
117 963 Blackburn
26%
82 002 Burnley
26%
162 949 Huddersfield
26%
261 149 Kingston-upon-Hull
24%
103 872 Worcester
24%
96 082 Barnsley
22%
201 799 Peterborough
22%
288 201 Milton Keynes
18%
131 859 Colchester
17%
153 302 Newport
17%
146 386 West Bromwich
15%
92 765 Wimbledon
14%
75 399 Carlisle
13%
88 243 Grimsby
13%
91 053 Hastings
13%
109 691 Rotherham
13%
70 627 Rugby
13%
116 447 Cheltenham
12%
104 157 Gillingham
12%
100 160 Lincoln
12%
77 551 Mansfield
12%
96 555 Oldham
10%
183 453 Southend-on-Sea
10%
101 547 Eastbourne
9%
73 576 Harrogate
9%
103 886 Salford
9%
71 715 Shrewsbury
9%
78 729 Bury
8%
73 241 Crewe
8%
92 363 Darlington
8%
102 629 St Helens
8%
210 829 Warrington
8%
142 968 Birkenhead
6%
115 369 Chelmsford
6%
196 154 Gateshead
6%
88 134 Halifax
6%
91 900 Hove
6%
107 627 Maidstone
6%
110 194 Rochdale
6%
92 407 Bedford
5%
79 977 Scunthorpe
5%
94 000 Stirling
5%
107 355 Basingstoke
4%
99 251 Wakefield
4%
109 120 Worthing
4%
76 792 Chatham
3%
74 411 East Kilbride
3%
71 529 Gosport
3%
77 057 Guildford
3%
75 082 Newcastle-under-Lyme
3%
86 552 Nuneaton
3%
95 580 Rayleigh
3%
81 919 Redditch
3%
83 407 Aylesbury
1%
77 256 Bracknell
1%
69 506 Rhondda
1%
75 337 South Shields
1%
229 700 Brighton et Hove
0%
Aucun quiz correspondant
Distribution des résultats
% des personnes avec chaque résultat
Percentile par nombre de réponses
Votre historique - résultats
Vous n’avez pas pris ce quiz